000 01484cam a22003974a 4500
001 15603977
003 OSt
005 20260105063512.0
008 090129s2008 enkabef b 001 0beng
010 _a 2009285245
015 _aGBA887775
_2bnb
016 7 _a014668116
_2Uk
020 _a9780199550296
_qhbk.
020 _a0199550298
_qhbk.
035 _a15603977
035 _a(OCoLC)233939160
040 _aUKM
_cUKM
_dBTCTA
_dBAKER
_dYDXCP
_dBWKUK
_dBWK
_dBWX
_dRCJ
_dCDX
_dIXA
_dNLGGC
_dDLC
042 _alccopycat
043 _ae-uk---
082 _a340.092 PRE
100 1 _aPrest, Wilfrid R.
245 1 0 _aWilliam Blackstone :
_blaw and letters in the eighteenth century /
_cWilfrid Prest.
260 _aOxford :
_bOxford University Press,
_c2008.
300 _axvii, 355 p., [12] p. of plates :
_bill. (some col.), maps, plans ;
_c24
_ccm.
336 _atext
_btxt
_2rdacontent
337 _aunmediated
_bn
_2rdamedia
338 _avolume
_bnc
_2rdacarrier
504 _aIncludes bibliographical references (p. [317]-338) and index.
600 1 0 _aBlackstone, William,
_d1723-1780.
650 0 _aJudges
_zGreat Britain
_vBiography.
655 7 _aBiographies.
_2lcgft
_0https://id.loc.gov/authorities/genreForms/gf2014026049
906 _a7
_bcbc
_ccopycat
_d2
_encip
_f20
_gy-gencatlg
942 _2ddc
_cBK
999 _c25935
_d25935